000 00663nam a2200229Ia 4500
003 OSt
005 20220926011925.0
006 a|||||r|||| 00| 0
007 ta
008 220923b |||||||| |||| 00| 0 eng d
037 _cGeneral Book
040 _aRTL
_cRTL
_beng
041 _2eng
_aeng
082 _aX:82, J7
100 _aNewgarden Albert Ed.
_9314498
245 0 _aPeople at work
_b The human element in modern busin
260 _aNew York
_bAmerican Management Association U. S. A.
_c1957
300 _a195p.
_ccm.
650 _aTop Management
942 _hX:82, J7
_cGB
_2CC
999 _c621288
_d621288